| 000 | 00614nam a2200229 a 4500 | ||
|---|---|---|---|
| 001 | 4402 | ||
| 003 | BD-RjUL | ||
| 005 | 20211208233903.0 | ||
| 008 | 160807m19681932nyu 001 0 eng | ||
| 035 | _a(BD-RjUL)4437 | ||
| 040 |
_aDLC _cOKentU _dDLC _dBD-RjUL _beng |
||
| 041 | _aeng | ||
| 082 | 0 | 0 |
_a347.99 _bBOG 1968 _223 |
| 100 | 1 |
_aBoudin, Louis B. _913925 |
|
| 245 | 1 | 0 |
_aGovernment by judiciary / _cLouis B. Boudin. |
| 260 |
_aNew York : _bRussell, _c1932 [Reissued 1968]. |
||
| 300 |
_a-V- _c24 cm. |
||
| 500 | _aindex. | ||
| 505 | _aV-ii | ||
| 650 | 0 |
_aJudicial power _913926 _yUnited States |
|
| 942 |
_2ddc _cBK |
||
| 999 |
_c4402 _d4402 |
||